[Event "Catalunya-chT Gp2"]
[Site "Barcelona"]
[Date "2024.01.20"]
[Round "1.9"]
[White "Pham Guerrero, Sergi"]
[Black "Nadal Fajardo, Ricard"]
[Result "0-1"]
[WhiteElo "2086"]
[BlackElo "2025"]
[PlyCount "51"]
[EventDate "2024.01.20"]
[EventType "team-tourn"]
[EventRounds "7"]
[EventCountry "ESP"]
[SourceTitle "CB06_2024"]
[SourceDate "2024.02.07"]
[SourceVersion "1"]
[SourceVersionDate "2024.02.07"]
[SourceQuality "1"]
[WhiteTeam "Geva CEA"]
[BlackTeam "Platja D'Aro"]
[WhiteTeamCountry "ESP"]
[BlackTeamCountry "ESP"]

1. e4 e6 2. d4 d5 3. e5 c5 4. c3 Nc6 5. Nf3 Qb6 6. Bd3 Bd7 7. 0-0 f6 8. dxc5 Bxc5 9. b4 Be7 10. Na3 g6 11. c4 Nxe5 12. cxd5 Nxd3 13. Qxd3 e5 14. Bd2 Qa6 15. Qxa6 bxa6 16. Rfc1 a5 17. Rab1 axb4 18. Bxb4 Bxb4 19. Rxb4 Ne7 20. d6 Nf5 21. Rd1 0-0 22. g4 a5 23. Rc4 Nh6 24. h3 Nf7 25. Rc7 Rfd8 26. Nc4 0-1

[Event "Corbins Lleida Nadal op"]
[Site "Corbins"]
[Date "2023.12.28"]
[Round "4"]
[White "Pham Guerrero, Sergi"]
[Black "Solani Nunez, Joel"]
[Result "1-0"]
[WhiteElo "2089"]
[BlackElo "1717"]
[PlyCount "107"]
[EventDate "2023.12.27"]
[EventType "swiss"]
[EventRounds "8"]
[EventCountry "ESP"]
[SourceTitle "CB02_2024"]
[SourceDate "2024.01.10"]
[SourceVersion "1"]
[SourceVersionDate "2024.01.10"]
[SourceQuality "1"]

1. e4 e6 2. d4 d5 3. e5 c5 4. c3 Nc6 5. Nf3 Qb6 6. Bd3 Bd7 7. 0-0 cxd4 8. Re1 dxc3 9. Nxc3 Bb4 10. a3 Bxc3 11. bxc3 Nge7 12. a4 0-0 13. Bxh7+ Kh8 14. Bc2 g6 15. Ng5 Kg7 16. Qd3 Nxe5 17. Rxe5 f6 18. Re2 fxg5 19. Bxg5 Rae8 20. Bxe7 Rxe7 21. Qxg6+ Kh8 22. Qh6+ Kg8 23. Re3 Rg7 24. Bh7+ Kh8 25. Rf1 e5 26. Bg6+ Kg8 27. Rg3 Qf6 28. Qh5 Bf5 29. Bxf5 Qxf5 30. Qxf5 Rxf5 31. Rxg7+ Kxg7 32. Rd1 Rf4 33. g3 Rxa4 34. Rxd5 Kf6 35. Rd7 b5 36. h4 a5 37. Rb7 b4 38. cxb4 Rxb4 39. Ra7 a4 40. Kg2 Kf5 41. Kh3 Rc4 42. f3 e4 43. fxe4+ Rxe4 44. g4+ Kg6 45. Ra6+ Kg7 46. h5 Re3+ 47. Kh4 a3 48. Kg5 Rb3 49. h6+ Kh7 50. Ra7+ Kh8 51. Kh5 Rb5+ 52. g5 Rb3 53. Ra8+ Kh7 54. g6# 1-0

[Event "Mediterranean-ch 13th"]
[Site "Platja d'Aro"]
[Date "2023.11.08"]
[Round "6"]
[White "Pham Guerrero, Sergi"]
[Black "Lacasa Diaz, Jose Antonio"]
[Result "0-1"]
[WhiteElo "2067"]
[BlackElo "2352"]
[PlyCount "136"]
[EventDate "2023.11.04"]
[EventType "swiss"]
[EventRounds "9"]
[EventCountry "ESP"]
[SourceTitle "CB46_2023"]
[SourceDate "2023.11.15"]
[SourceVersion "1"]
[SourceVersionDate "2023.11.15"]
[SourceQuality "1"]

1. e4 c5 2. Nc3 g6 3. g3 Bg7 4. Bg2 Nc6 5. d3 e6 6. Be3 d6 7. Qd2 Rb8 8. a4 a6 9. Nge2 Nd4 10. 0-0 h5 11. a5 Ne7 12. f4 Nec6 13. e5 d5 14. Na4 Bf8 15. Nxd4 cxd4 16. Bf2 Bb4 17. c3 Bxa5 18. Qc2 dxc3 19. bxc3 0-0 20. g4 hxg4 21. Qe2 f5 22. exf6 Qxf6 23. Bc5 b5 24. Bxf8 Kxf8 25. c4 bxa4 26. cxd5 Nd4 27. Qe5 Qxe5 28. fxe5+ Nf5 29. Rxa4 Bb6+ 30. Kh1 exd5 31. Rxg4 Kg7 32. Rb4 Bc7 33. Rxb8 Bxb8 34. Rc1 Be6 35. Rc6 Kf7 36. Rxa6 Bxe5 37. Bh3 d4 38. Ra7+ Kf6 39. Ra6 Ke7 40. Ra7+ Kf8 41. Ra5 Bf4 42. Bg2 Nd6 43. Bf3 Ke7 44. Kg2 Nf5 45. Be4 Ne3+ 46. Kg1 g5 47. Ra4 Ng4 48. Kg2 Be5 49. Ra5 Kf6 50. Ra6 Ne3+ 51. Kg1 g4 52. Bb7 Ke7 53. Ra5 Bf4 54. Ra4 Nf5 55. Be4 Nh4 56. Kh1 Be3 57. Ra7+ Kf6 58. Ra6 Ke5 59. Ra5+ Kf4 60. Ra6 Bb3 61. Rh6 Kg5 62. Rb6 Bd1 63. Rb5+ Kf4 64. Rh5 Bf2 65. Rh8 Ke3 66. Rf8 Bf3+ 67. Bxf3 gxf3 68. h3 Kxd3 0-1

[Event "Mediterranean-ch 13th"]
[Site "Platja d'Aro"]
[Date "2023.11.07"]
[Round "5"]
[White "Martinez Pla, Xavier"]
[Black "Pham Guerrero, Sergi"]
[Result "0-1"]
[WhiteElo "2263"]
[BlackElo "2067"]
[PlyCount "60"]
[EventDate "2023.11.04"]
[EventType "swiss"]
[EventRounds "9"]
[EventCountry "ESP"]
[SourceTitle "CB46_2023"]
[SourceDate "2023.11.15"]
[SourceVersion "1"]
[SourceVersionDate "2023.11.15"]
[SourceQuality "1"]

1. e4 c5 2. Nf3 d6 3. d4 cxd4 4. Nxd4 Nf6 5. Nc3 g6 6. Be3 Nc6 7. f3 h5 8. Qd2 Nxd4 9. Bxd4 Bh6 10. Be3 Bxe3 11. Qxe3 Qa5 12. Bc4 Bd7 13. Bb3 Rc8 14. 0-0-0 Qc5 15. Qd2 b5 16. e5 Qxe5 17. Rhe1 Qxh2 18. Qg5 Kf8 19. Rxe7 Kxe7 20. Nd5+ Kf8 21. Nxf6 Bf5 22. Re1 Kg7 23. Nd5 Rhe8 24. Ne7 Rc5 25. Qd2 Kh7 26. Bxf7 Rxe7 27. Rxe7 Rxc2+ 28. Qxc2 Bxc2 29. Bb3+ Kh6 30. Bxc2 Qg1+ 0-1

[Event "Pobla de Lillet op 32nd"]
[Site "La Pobla de Lillet"]
[Date "2023.08.04"]
[Round "3"]
[White "Ribera Veganzones, Serni"]
[Black "Pham Guerrero, Sergi"]
[Result "1-0"]
[WhiteElo "2218"]
[BlackElo "2071"]
[PlyCount "31"]
[EventDate "2023.08.02"]
[EventType "swiss"]
[EventRounds "9"]
[EventCountry "ESP"]
[SourceTitle "CBM 215 Extra"]
[Source "ChessBase"]
[SourceDate "2023.09.30"]
[SourceVersion "1"]
[SourceVersionDate "2023.09.30"]
[SourceQuality "1"]

1. c4 Nf6 2. Nc3 g6 3. e4 d6 4. d4 Bg7 5. f3 0-0 6. Be3 e5 7. d5 c6 8. Qd2 cxd5 9. cxd5 Na6 10. Bxa6 bxa6 11. Nge2 Ne8 12. 0-0 Bd7 13. Rac1 Qa5 14. Rb1 Qd8 15. b4 Qh4 16. Bg5 1-0

[Event "Lleida Christmas op"]
[Site "Lleida"]
[Date "2022.12.28"]
[Round "3"]
[White "Codina Garcia, Jose"]
[Black "Pham Guerrero, Sergi"]
[Result "0-1"]
[WhiteElo "1847"]
[BlackElo "2139"]
[PlyCount "139"]
[EventDate "2022.12.27"]
[EventType "swiss"]
[EventRounds "8"]
[EventCountry "ESP"]
[SourceTitle "CBM 212 Extra"]
[Source "ChessBase"]
[SourceDate "2023.03.31"]
[SourceVersion "1"]
[SourceVersionDate "2023.03.31"]
[SourceQuality "1"]

1. e4 c5 2. Nf3 d6 3. d4 cxd4 4. Qxd4 Nc6 5. Bb5 Bd7 6. Bxc6 bxc6 7. c4 e5 8. Qd3 Be7 9. 0-0 h6 10. Nc3 Qc7 11. b3 Nf6 12. Rd1 Be6 13. Bb2 0-0 14. Rac1 a5 15. Na4 Rfd8 16. h3 Nd7 17. Qb1 f6 18. Qd3 Nb6 19. Nc3 Qb7 20. Nb1 d5 21. cxd5 cxd5 22. Nc3 a4 23. exd5 Nxd5 24. Nxd5 Bxd5 25. Qe2 axb3 26. axb3 Qxb3 27. Rc3 Qb7 28. Nh4 Ra2 29. Qg4 Rxb2 30. Nf5 Bf8 31. Nxh6+ Kh8 32. Nf5 Rb1 33. Qh5+ Kg8 34. Rg3 Rxd1+ 35. Qxd1 Bf7 36. Nh6+ Kh7 37. Qxd8 Be7 38. Qd3+ e4 39. Qd1 gxh6 40. Rc3 Bb4 41. Rc1 Qd5 42. Qxd5 Bxd5 43. Rb1 Bc3 44. Rc1 Be5 45. Rd1 Bc4 46. Rc1 Bd3 47. Rc8 Kg6 48. Ra8 Kf5 49. Ra3 Bd4 50. Ra5+ Kg6 51. Rd5 Be5 52. Rd8 Kf5 53. f3 Bc7 54. fxe4+ Bxe4 55. Rc8 Bb6+ 56. Kh2 Be3 57. Rf8 Bf4+ 58. g3 Be5 59. Rh8 Kg6 60. Rg8+ Kf7 61. Rh8 Kg7 62. Re8 h5 63. h4 Kg6 64. Rd8 Kf5 65. Kh3 Bf3 66. Rf8 Ke4 67. Re8 Ke3 68. Rg8 Kf2 69. Rg6 Kg1 70. Rg8 0-1

[Event "Lleida Christmas op"]
[Site "Lleida"]
[Date "2022.12.28"]
[Round "4"]
[White "Pham Guerrero, Sergi"]
[Black "Vela Frago, Alberto"]
[Result "1/2-1/2"]
[WhiteElo "2139"]
[BlackElo "2244"]
[PlyCount "37"]
[EventDate "2022.12.27"]
[EventType "swiss"]
[EventRounds "8"]
[EventCountry "ESP"]
[SourceTitle "CBM 212 Extra"]
[Source "ChessBase"]
[SourceDate "2023.03.31"]
[SourceVersion "1"]
[SourceVersionDate "2023.03.31"]
[SourceQuality "1"]

1. e4 e5 2. f4 Bc5 3. Nf3 d6 4. c3 Nf6 5. d4 exd4 6. cxd4 Bb6 7. Bb5+ c6 8. Bd3 Bg4 9. Be3 Qe7 10. h3 Nxe4 11. hxg4 Ng3 12. Kf2 Nxh1+ 13. Qxh1 Nd7 14. Nc3 0-0-0 15. Re1 Nf6 16. Bf5+ Kb8 17. g5 Nd5 18. Nxd5 cxd5 19. Qf1 1/2-1/2

[Event "Lleida Christmas op"]
[Site "Lleida"]
[Date "2022.12.27"]
[Round "2"]
[White "Pham Guerrero, Sergi"]
[Black "Agustin De Dios, Adrian"]
[Result "1/2-1/2"]
[WhiteElo "2139"]
[BlackElo "1698"]
[PlyCount "46"]
[EventDate "2022.12.27"]
[EventType "swiss"]
[EventRounds "8"]
[EventCountry "ESP"]
[SourceTitle "CBM 212 Extra"]
[Source "ChessBase"]
[SourceDate "2023.03.31"]
[SourceVersion "1"]
[SourceVersionDate "2023.03.31"]
[SourceQuality "1"]

1. e4 c5 2. Nf3 e6 3. d4 cxd4 4. Nxd4 a6 5. Bd3 Qc7 6. 0-0 Nf6 7. c4 Be7 8. Nc3 d6 9. Be3 Nbd7 10. Rc1 b6 11. f3 Bb7 12. b4 Rc8 13. Nb3 0-0 14. a4 Qb8 15. Be2 Rfd8 16. a5 d5 17. exd5 exd5 18. Nxd5 Nxd5 19. cxd5 Bxb4 20. axb6 Qe5 21. Bf2 Re8 22. Rxc8 Rxc8 23. Qd4 Qd6 1/2-1/2

[Event "Lleida Regional-ch"]
[Site "Lleida"]
[Date "2022.11.13"]
[Round "6"]
[White "Pham Guerrero, Sergi"]
[Black "Sanuy Moncasi, Albert"]
[Result "1-0"]
[WhiteElo "2139"]
[BlackElo "1916"]
[PlyCount "77"]
[EventDate "2022.10.02"]
[EventType "swiss"]
[EventRounds "8"]
[EventCountry "ESP"]
[SourceTitle "EXT 2024"]
[Source "ChessBase"]
[SourceDate "2023.10.10"]
[SourceVersion "1"]
[SourceVersionDate "2023.10.10"]
[SourceQuality "1"]

1. e4 d6 2. d4 g6 3. Nc3 Bg7 4. Be3 Nd7 5. Qd2 a6 6. f4 e6 7. Nf3 Ne7 8. Bd3 c6 9. 0-0 Nf6 10. h3 Qc7 11. g4 Bd7 12. e5 Nfd5 13. Ne4 Nc8 14. Bf2 f5 15. exf6 Nxf6 16. Rae1 Nxe4 17. Rxe4 d5 18. Re2 0-0 19. Bg3 c5 20. c3 Nb6 21. Kh2 Qc6 22. dxc5 Qxc5 23. Bf2 Qc7 24. Ne5 Rad8 25. Bd4 Bc8 26. Qe3 Nd7 27. Nxg6 hxg6 28. Qxe6+ Rf7 29. Bxg6 Nf8 30. Qxf7+ Qxf7 31. Bxf7+ Kxf7 32. Bxg7 Kxg7 33. f5 Nd7 34. g5 Nc5 35. Re7+ Kf8 36. f6 Ne4 37. g6 Ng5 38. h4 Ne6 39. Rh7 1-0

[Event "Vallfogona de Balaguer Farre Mem 1st"]
[Site "Vallfogona de Balaguer"]
[Date "2022.06.04"]
[Round "7"]
[White "Solani Nunez, Joel"]
[Black "Pham Guerrero, Sergi"]
[Result "0-1"]
[WhiteElo "1714"]
[BlackElo "2200"]
[PlyCount "72"]
[EventDate "2022.04.23"]
[EventType "swiss"]
[EventRounds "8"]
[EventCountry "ESP"]
[SourceTitle "EXT 2023"]
[Source "ChessBase"]
[SourceDate "2022.10.05"]
[SourceVersion "1"]
[SourceVersionDate "2022.10.05"]
[SourceQuality "1"]

1. e4 c5 2. f4 d5 3. exd5 Nf6 4. c4 e6 5. dxe6 Bxe6 6. Nf3 Nc6 7. b3 Bd6 8. g3 0-0 9. Bg2 Nb4 10. d4 cxd4 11. a3 Nc6 12. 0-0 Qb6 13. Kh1 Rad8 14. Nbd2 a5 15. h3 h6 16. Bb2 Qc5 17. b4 axb4 18. axb4 Qh5 19. Nxd4 Bg4 20. Qb3 Bxh3 21. Nxc6 bxc6 22. Bxf6 gxf6 23. Ne4 Bf5+ 24. Kg1 Qg6 25. Rae1 Rfe8 26. Nxd6 Rxe1 27. Rxe1 Rxd6 28. Qa3 Rd3 29. Qa8+ Kh7 30. Re8 Qg7 31. b5 Bh3 32. Re2 Qxg3 33. Qa4 Bg4 34. Qc2 Bxe2 35. Qxe2 Re3 36. Qc2+ Kg7 0-1

[Event "Catalunya-chT Gp2"]
[Site "Barcelona"]
[Date "2019.02.09"]
[Round "4.5"]
[White "Pham Guerrero, Sergi"]
[Black "Lever, Erwan"]
[Result "1-0"]
[WhiteElo "2192"]
[BlackElo "2275"]
[PlyCount "75"]
[EventDate "2019.01.19"]
[EventType "team-tourn"]
[EventRounds "7"]
[EventCountry "ESP"]
[SourceTitle "CBM 188 Extra"]
[Source "ChessBase"]
[SourceDate "2019.02.26"]
[SourceVersion "1"]
[SourceVersionDate "2019.02.26"]
[SourceQuality "1"]
[WhiteTeam "Andorra"]
[BlackTeam "Olot"]
[WhiteTeamCountry "AND"]
[BlackTeamCountry "ESP"]

1. e4 c5 2. Nf3 e6 3. d3 Nc6 4. g3 Nf6 5. Bg2 d5 6. Nbd2 Be7 7. 0-0 0-0 8. e5 Nd7 9. Re1 Qc7 10. Qe2 b5 11. Nf1 Bb7 12. Bf4 Nb6 13. h4 d4 14. N1h2 Nd5 15. Ng5 Nxf4 16. gxf4 Nb4 17. Be4 Bxe4 18. Nxe4 f5 19. Ng5 Bxg5 20. hxg5 Rfd8 21. a3 Nd5 22. Qf3 Rac8 23. Nf1 Nb6 24. Ng3 g6 25. Kg2 c4 26. Rh1 Rd7 27. Rh6 cxd3 28. cxd3 Nd5 29. Rah1 Qb7 30. Ne2 Rc2 31. Kg3 Qb6 32. R1h4 Rd2 33. Qh1 Rxd3+ 34. f3 Qc7 35. Rxg6+ Rg7 36. Rxh7 Rxg6 37. Rh8+ Kf7 38. Qh7+ 1-0

[Event "Andorra op 36th"]
[Site "Escaldes"]
[Date "2018.07.25"]
[Round "5"]
[White "Ruiz Castillo, Joshua Daniel"]
[Black "Pham Guerrero, Sergi"]
[Result "1-0"]
[WhiteElo "2410"]
[BlackElo "2208"]
[PlyCount "63"]
[EventDate "2018.07.21"]
[EventType "swiss"]
[EventRounds "9"]
[EventCountry "AND"]
[SourceTitle "CBM 185 Extra"]
[Source "ChessBase"]
[SourceDate "2018.07.29"]
[SourceVersion "1"]
[SourceVersionDate "2018.07.29"]
[SourceQuality "1"]

1. e4 c5 2. Nf3 d6 3. d4 cxd4 4. Qxd4 a6 5. c4 Nc6 6. Qe3 g6 7. Be2 Bg7 8. 0-0 Nf6 9. Nc3 0-0 10. h3 b6 11. Rd1 Nd7 12. Rb1 Bb7 13. Nd5 Re8 14. b4 e6 15. Nc3 Qc7 16. Ba3 Nce5 17. Nxe5 Nxe5 18. Rbc1 Rad8 19. Na4 Qc6 20. Nxb6 Qxe4 21. Qxe4 Bxe4 22. c5 dxc5 23. bxc5 Bh6 24. Ra1 a5 25. Bb2 Bg7 26. Bb5 Bc6 27. a4 Nf3+ 28. gxf3 Bxb2 29. Bxc6 Bxa1 30. Rxa1 Re7 31. Bb5 Rc7 32. c6 1-0

[Event "Catalunya-chT"]
[Site "Catalunya"]
[Date "2014.03.08"]
[Round "7.2"]
[White "Pham Guerrero, Sergi"]
[Black "Valdes Romero, Leonardo"]
[Result "0-1"]
[WhiteElo "2209"]
[BlackElo "2404"]
[PlyCount "64"]
[EventDate "2014.01.25"]
[EventType "team"]
[EventRounds "11"]
[EventCountry "ESP"]
[SourceTitle "EXT 2015"]
[Source "ChessBase"]
[SourceDate "2014.11.20"]
[SourceVersion "1"]
[SourceVersionDate "2014.11.20"]
[SourceQuality "1"]
[WhiteTeam "Andorra"]
[BlackTeam "Foment Martinenc"]
[WhiteTeamCountry "AND"]
[BlackTeamCountry "ESP"]

1. e4 d6 2. d4 Nf6 3. Nc3 g6 4. f4 Bg7 5. Nf3 c5 6. d5 0-0 7. Bc4 b5 8. Bxb5 Nxe4 9. Nxe4 Qa5+ 10. Nc3 Bxc3+ 11. bxc3 Qxb5 12. Qd3 Qa4 13. c4 Bf5 14. Qb3 Bxc2 15. Qxa4 Bxa4 16. h4 h5 17. g4 f6 18. Rg1 hxg4 19. Rxg4 Kf7 20. Rb1 Na6 21. Rb2 Rab8 22. Rbg2 Rg8 23. Kd2 Bd7 24. R4g3 Bf5 25. Kc3 Rh8 26. a3 Nc7 27. Rh2 Na8 28. Ne1 Rb1 29. Bd2 Rhb8 30. Nd3 R8b3+ 31. Kc2 R3b2+ 32. Kc3 Ra2 0-1

[Event "Catalunya-chT"]
[Site "Catalunya"]
[Date "2014.03.01"]
[Round "6.4"]
[White "Alonso Moyano, Jonathan"]
[Black "Pham Guerrero, Sergi"]
[Result "1-0"]
[WhiteElo "2402"]
[BlackElo "2209"]
[PlyCount "59"]
[EventDate "2014.01.25"]
[EventType "team"]
[EventRounds "11"]
[EventCountry "ESP"]
[SourceTitle "EXT 2015"]
[Source "ChessBase"]
[SourceDate "2014.11.20"]
[SourceVersion "1"]
[SourceVersionDate "2014.11.20"]
[SourceQuality "1"]
[WhiteTeam "Barbera"]
[BlackTeam "Andorra"]
[WhiteTeamCountry "ESP"]
[BlackTeamCountry "AND"]

1. e4 c5 2. Nc3 Nc6 3. Bb5 Nd4 4. Bc4 d6 5. Nge2 g6 6. Nxd4 cxd4 7. Qf3 e6 8. Nb5 Bg7 9. Qg3 Bf8 10. Nxd4 a6 11. Qf3 Bg7 12. Ne2 b5 13. Bb3 Bb7 14. d4 Ne7 15. c3 0-0 16. h4 Qd7 17. h5 f5 18. hxg6 hxg6 19. Nf4 Rf6 20. d5 exd5 21. exd5 Re8 22. Be3 a5 23. a3 g5 24. Nh5 Rg6 25. Nxg7 Rxg7 26. 0-0-0 g4 27. Qg3 Ng6 28. Rh6 Re4 29. Bd4 Ne5 30. Qh4 1-0